<?xml version="1.0" encoding="UTF-8"?>
<record
    xmlns:xsi="http://www.w3.org/2001/XMLSchema-instance"
    xsi:schemaLocation="http://www.loc.gov/MARC21/slim http://www.loc.gov/standards/marcxml/schema/MARC21slim.xsd"
    xmlns="http://www.loc.gov/MARC21/slim">

  <leader>00500nam a22001577a 4500</leader>
  <controlfield tag="003">OSt</controlfield>
  <controlfield tag="005">20151128111651.0</controlfield>
  <controlfield tag="008">151128b        xxu||||| |||| 00| 0 eng d</controlfield>
  <datafield tag="040" ind1=" " ind2=" ">
    <subfield code="c">RUA</subfield>
  </datafield>
  <datafield tag="082" ind1=" " ind2=" ">
    <subfield code="a">FIS NUO 1996 B164 Or.1</subfield>
  </datafield>
  <datafield tag="100" ind1=" " ind2=" ">
    <subfield code="9">3976</subfield>
    <subfield code="a">NUON, RITHY.</subfield>
  </datafield>
  <datafield tag="245" ind1=" " ind2=" ">
    <subfield code="a">Processing of fish sauce in sihanouk ville, &#x1780;&#x17B6;&#x179A;&#x1780;&#x17C2;&#x1785;&#x17D2;&#x1793;&#x17C3;&#x1791;&#x17B9;&#x1780;&#x178F;&#x17D2;&#x179A;&#x17B8; &#x1793;&#x17C5;&#x1780;&#x17D2;&#x179A;&#x17BB;&#x1784;&#x1796;&#x17D2;&#x179A;&#x17C7;&#x179F;&#x17B8;&#x17A0;&#x1793;&#x17BB;</subfield>
  </datafield>
  <datafield tag="260" ind1=" " ind2=" ">
    <subfield code="a">Phnom Penh</subfield>
    <subfield code="b">RUA</subfield>
    <subfield code="c">1996</subfield>
  </datafield>
  <datafield tag="300" ind1=" " ind2=" ">
    <subfield code="a">59p.</subfield>
    <subfield code="b">ill.</subfield>
    <subfield code="c">29cm.</subfield>
  </datafield>
  <datafield tag="942" ind1=" " ind2=" ">
    <subfield code="2">ddc</subfield>
    <subfield code="c">FIS</subfield>
  </datafield>
  <datafield tag="999" ind1=" " ind2=" ">
    <subfield code="c">3697</subfield>
    <subfield code="d">3697</subfield>
  </datafield>
  <datafield tag="952" ind1=" " ind2=" ">
    <subfield code="0">0</subfield>
    <subfield code="1">0</subfield>
    <subfield code="2">ddc</subfield>
    <subfield code="4">0</subfield>
    <subfield code="6">FIS_NUO_1996_000000000000000_B164_OR_1</subfield>
    <subfield code="7">0</subfield>
    <subfield code="9">18373</subfield>
    <subfield code="a">LBB</subfield>
    <subfield code="b">LBB</subfield>
    <subfield code="c">B164</subfield>
    <subfield code="d">2015-11-28</subfield>
    <subfield code="o">FIS NUO 1996 B164 Or.1</subfield>
    <subfield code="p">RUA027459</subfield>
    <subfield code="r">2015-11-28</subfield>
    <subfield code="w">2015-11-28</subfield>
    <subfield code="y">FIS</subfield>
  </datafield>
  <datafield tag="952" ind1=" " ind2=" ">
    <subfield code="0">0</subfield>
    <subfield code="1">0</subfield>
    <subfield code="2">ddc</subfield>
    <subfield code="4">0</subfield>
    <subfield code="6">FIS_NUO_1996_000000000000000_B164_OR_2</subfield>
    <subfield code="7">0</subfield>
    <subfield code="9">18374</subfield>
    <subfield code="a">LBB</subfield>
    <subfield code="b">LBB</subfield>
    <subfield code="c">B164</subfield>
    <subfield code="d">2015-11-28</subfield>
    <subfield code="o">FIS NUO 1996 B164 Or.2</subfield>
    <subfield code="p">RUA010523</subfield>
    <subfield code="r">2015-11-28</subfield>
    <subfield code="w">2015-11-28</subfield>
    <subfield code="y">FIS</subfield>
  </datafield>
  <datafield tag="952" ind1=" " ind2=" ">
    <subfield code="0">0</subfield>
    <subfield code="1">0</subfield>
    <subfield code="2">ddc</subfield>
    <subfield code="4">0</subfield>
    <subfield code="6">FIS_NUO_1996_000000000000000_B164_OR_3</subfield>
    <subfield code="7">0</subfield>
    <subfield code="9">18375</subfield>
    <subfield code="a">LBB</subfield>
    <subfield code="b">LBB</subfield>
    <subfield code="c">B164</subfield>
    <subfield code="d">2015-11-28</subfield>
    <subfield code="l">2</subfield>
    <subfield code="o">FIS NUO 1996 B164 Or.3</subfield>
    <subfield code="p">RUA026884</subfield>
    <subfield code="r">2016-07-13</subfield>
    <subfield code="s">2016-07-04</subfield>
    <subfield code="w">2015-11-28</subfield>
    <subfield code="y">FIS</subfield>
  </datafield>
  <datafield tag="952" ind1=" " ind2=" ">
    <subfield code="0">0</subfield>
    <subfield code="1">0</subfield>
    <subfield code="2">ddc</subfield>
    <subfield code="4">0</subfield>
    <subfield code="6">FIS_NUO_1996_000000000000000_B164_OR_4</subfield>
    <subfield code="7">0</subfield>
    <subfield code="9">18376</subfield>
    <subfield code="a">LBB</subfield>
    <subfield code="b">LBB</subfield>
    <subfield code="c">B164</subfield>
    <subfield code="d">2015-11-28</subfield>
    <subfield code="l">1</subfield>
    <subfield code="o">FIS NUO 1996 B164 Or.4</subfield>
    <subfield code="p">RUA043378</subfield>
    <subfield code="r">2018-07-20</subfield>
    <subfield code="s">2018-05-12</subfield>
    <subfield code="w">2015-11-28</subfield>
    <subfield code="y">FIS</subfield>
  </datafield>
  <datafield tag="952" ind1=" " ind2=" ">
    <subfield code="0">0</subfield>
    <subfield code="1">0</subfield>
    <subfield code="2">ddc</subfield>
    <subfield code="4">0</subfield>
    <subfield code="6">FIS_NUO_1996_000000000000000_B164_OR_5</subfield>
    <subfield code="7">0</subfield>
    <subfield code="9">18377</subfield>
    <subfield code="a">LBB</subfield>
    <subfield code="b">LBB</subfield>
    <subfield code="c">B164</subfield>
    <subfield code="d">2015-11-28</subfield>
    <subfield code="l">4</subfield>
    <subfield code="o">FIS NUO 1996 B164 Or.5</subfield>
    <subfield code="p">RUA025580</subfield>
    <subfield code="r">2019-01-25</subfield>
    <subfield code="s">2019-01-18</subfield>
    <subfield code="w">2015-11-28</subfield>
    <subfield code="y">FIS</subfield>
  </datafield>
  <datafield tag="952" ind1=" " ind2=" ">
    <subfield code="0">0</subfield>
    <subfield code="1">0</subfield>
    <subfield code="2">ddc</subfield>
    <subfield code="4">0</subfield>
    <subfield code="6">FIS_NUO_1996_000000000000000_B164_OR_6</subfield>
    <subfield code="7">0</subfield>
    <subfield code="9">18378</subfield>
    <subfield code="a">LBB</subfield>
    <subfield code="b">LBB</subfield>
    <subfield code="c">B164</subfield>
    <subfield code="d">2015-11-28</subfield>
    <subfield code="l">2</subfield>
    <subfield code="o">FIS NUO 1996 B164 Or.6</subfield>
    <subfield code="p">RUA027612</subfield>
    <subfield code="r">2022-01-17</subfield>
    <subfield code="s">2022-01-05</subfield>
    <subfield code="w">2015-11-28</subfield>
    <subfield code="y">FIS</subfield>
  </datafield>
  <datafield tag="952" ind1=" " ind2=" ">
    <subfield code="0">0</subfield>
    <subfield code="1">0</subfield>
    <subfield code="2">ddc</subfield>
    <subfield code="4">0</subfield>
    <subfield code="6">FIS_NUO_1996_000000000000000_B164_OR_7</subfield>
    <subfield code="7">0</subfield>
    <subfield code="9">18379</subfield>
    <subfield code="a">LBB</subfield>
    <subfield code="b">LBB</subfield>
    <subfield code="c">B164</subfield>
    <subfield code="d">2015-11-28</subfield>
    <subfield code="o">FIS NUO 1996 B164 Or.7</subfield>
    <subfield code="p">RUA027131</subfield>
    <subfield code="r">2015-11-28</subfield>
    <subfield code="w">2015-11-28</subfield>
    <subfield code="y">FIS</subfield>
  </datafield>
  <datafield tag="952" ind1=" " ind2=" ">
    <subfield code="0">0</subfield>
    <subfield code="1">0</subfield>
    <subfield code="2">ddc</subfield>
    <subfield code="4">0</subfield>
    <subfield code="6">FIS_NUO_1996_000000000000000_B164_OR_8</subfield>
    <subfield code="7">0</subfield>
    <subfield code="9">18380</subfield>
    <subfield code="a">LBB</subfield>
    <subfield code="b">LBB</subfield>
    <subfield code="c">B164</subfield>
    <subfield code="d">2015-11-28</subfield>
    <subfield code="o">FIS NUO 1996 B164 Or.8</subfield>
    <subfield code="p">RUA026956</subfield>
    <subfield code="r">2015-11-28</subfield>
    <subfield code="w">2015-11-28</subfield>
    <subfield code="y">FIS</subfield>
  </datafield>
  <datafield tag="952" ind1=" " ind2=" ">
    <subfield code="0">0</subfield>
    <subfield code="1">0</subfield>
    <subfield code="2">ddc</subfield>
    <subfield code="4">0</subfield>
    <subfield code="6">FIS_NUO_1996_000000000000000_B164_OR_9</subfield>
    <subfield code="7">0</subfield>
    <subfield code="9">45702</subfield>
    <subfield code="a">LBB</subfield>
    <subfield code="b">LBB</subfield>
    <subfield code="d">2016-05-19</subfield>
    <subfield code="l">1</subfield>
    <subfield code="o">FIS NUO 1996 B164 Or.9</subfield>
    <subfield code="p">RUA011306</subfield>
    <subfield code="r">2016-11-28</subfield>
    <subfield code="s">2016-11-22</subfield>
    <subfield code="w">2016-05-19</subfield>
    <subfield code="y">FIS</subfield>
  </datafield>
</record>
